| 000 | 00878nam a22002057a 4500 | ||
|---|---|---|---|
| 005 | 20111201155955.0 | ||
| 008 | 111201s1992 ua||||| ||| 00| 0ara d | ||
| 020 | _a9770237175 | ||
| 082 |
_222 _a347.07962 _bخ ا ل |
||
| 100 |
_927976 _aخالد، محمد |
||
| 245 |
_aقضايا عمالية / _cتأليف محمد خالد. |
||
| 260 |
_aالقاهرة : _bدار المعارف، _c1992. |
||
| 300 |
_a379 ص. ؛ _c24 سم. |
||
| 504 | _aيشتمل على إرجاعات ببليوجرافية | ||
| 650 |
_927977 _aالعمل والعمال _xقضايا |
||
| 650 |
_910938 _aالعمل والعمال _xقوانين وتشريعات _zمصر |
||
| 653 |
_bEco _cDecember2011 |
||
| 942 |
_2ddc _cBB |
||
| 999 |
_c16287 _d16287 |
||